000 00742nam a2200289Ia 4500
005 20260324115258.0
008 008 260324s9999 xx 000 0 eng d
020 _a9781315104683
037 _aEBOOK
040 _aCRL
040 _beng
040 _cCRL
041 _2eng
041 _aeng
084 _qCRL
100 _aNeville A. Stanton; Paul Salmon; Guy H. Walker
_91154055
245 0 _aSystems Thinking in Practice
245 0 _bApplications of the Event Analysis of Systemic Teamwork Method
260 _bTaylor and Francis
260 _c2018
365 _a
365 _b320
856 _uhttp://www.taylorfrancis.com/books/9781315104683
942 _cEBOOK
999 _c1744817
_d1744817